000 00897nas a2200277 4500
001 BR8101607
003 BR-BrBNA
005 20231205084603.0
007 ta
008 230509b bl.|||p| |||| 00| 00por d
040 _aBR-BrBNA
_bpor
_cBiblioteca Nacional de Agricultura
041 _a(Pt)
072 _aF30
100 1 _aCarvalho, A. de
245 1 _aNovas variedades mais produtivas [Cafe; Coffea arabica; Campinas; Sao Paulo; Brasil]
246 1 _a[New productive varieties [Coffee; Coffea arabica; Campinas; Sao Paulo; Brazil]]
650 _aMelhoramento genetico vegetal
650 _aCafe
650 _aVariedade
650 _aComportamento de variedade
650 _aCampinas
650 _aSao Paulo
773 0 _tAgricultura de Hoje (Brazil)
_xISSN 0100-5707
_g(Mar 1981), v. 6(68) p. 32-34
_wBR8101607
909 _a202311
_bLúcia
_c55
_dLúcia Elande
942 _2AGRIS
_n0
_cANA
999 _c106103
_d106103